00780nam a2200217 i 4500003000900000005001700009007000300026008004100029040003000070082001900100100005400119245008200173250002200255264005500277300002500332336002700357337003300384338002800417500005600445710006100501DO-SdBNP20250602140330.0ta250602t2019 dr 000 0 spa d aDO-SdBNPbspacBNPHUerda axxxxbR1732221 aRamírez Fernández, José Pastoreautor4aut.13aLa familia al encuentro de la palabra /cJosé Pastor Ramírez Fernández  aPrimera edición aSanto Domingo :bPROFOCO familia Salesiana,c2019. a27 páginasc28 cm. atextobtxt2rdacontent asin mediaciónbn2rdamedia avolumenbnc2rdacarrier aIncluye datos bibliográficos a pie de páginas.  aPrograma de Formación Conjunta de la familia Salesiana